| 000 | 00608nam a2200193 i 4500 | ||
|---|---|---|---|
| 001 | 64852 | ||
| 003 | ES-MaACL | ||
| 005 | 20230906165229.0 | ||
| 007 | t| | ||
| 008 | 040107s1979 sp ||||1| spa d | ||
| 100 | 1 |
_aForster, E. M. _951821 |
|
| 245 | 1 | 0 |
_aEnsayos críticos / _cEdward M. Forster ; versión de Manuel García Viso y Aurelio Martínez Benito. |
| 260 |
_a[Madrid] : _bTaurus, _c[1979] |
||
| 300 |
_a188 p. ; _c21 cm. |
||
| 700 | 1 |
_aGarcía Viso, Manuel. _955420 |
|
| 700 | 1 |
_aMartínez Benito, Aurelio. _977891 |
|
| 852 |
_aES-MaACL _jA-9530 _bR.98714 |
||
| 852 |
_aES-MaACL _jA-9605 _bR.98898 |
||
| 999 |
_c64852 _d64852 |
||